Memoria del seminario del Graduación sobre los conceptos del Placer, el Miedo y la Ira en la Ética Nicomáquea de Aristóteles
Na minha lista:
| Autor principal: | |
|---|---|
| Formato: | Livro |
| Idioma: | Undetermined |
| Publicado em: |
San José, Costa Rica
Universidad de Costa Rica, Sistema de Estudios de Posgrado
2012
|
| Assuntos: | |
| Tags: |
Adicionar Tag
Sem tags, seja o primeiro a adicionar uma tag!
|
MARC
| LEADER | 00000nam a2200000Ia 4500 | ||
|---|---|---|---|
| 008 | 170316s9999 xx 000 0 und d | ||
| 040 | |a cru BVZT | ||
| 090 | |a TESIS 870 | ||
| 100 | |a Flores Vásquez, Andrea; Solano Fallas, Andrés | ||
| 245 | |a Memoria del seminario del Graduación sobre los conceptos del Placer, el Miedo y la Ira en la Ética Nicomáquea de Aristóteles | ||
| 260 | |a San José, Costa Rica | ||
| 260 | |b Universidad de Costa Rica, Sistema de Estudios de Posgrado | ||
| 260 | |c 2012 | ||
| 300 | |a 169 páginas | ||
| 650 | |a TRABAJO FINAL DE GRADUACIÓN | ||
| 650 | |a SEP | ||
| 650 | |a LICENCIATURA DE FILOSOFÍA | ||
| 650 | |a EL PLACER | ||
| 650 | |a EL MIEDO | ||
| 650 | |a LA IRA | ||
| 999 | |c 14530 |d 14530 | ||
| 942 | |c TFG |h TESIS 870 |2 z | ||
